| 000 | 01056nam a22002417a 4500 | ||
|---|---|---|---|
| 003 | BD-DhSAU | ||
| 005 | 20200203162707.0 | ||
| 008 | 160419b2018 bg ||||| |||| 001 0 eng d | ||
| 040 | _aBD-DhSAU | ||
| 082 |
_222 _a338.1 _bSu769 |
||
| 100 |
_aSupti, Rebeka Sultana _eRegistration # 12-05150 |
||
| 245 |
_aProfitability and technical efficiency of transplanted aman rice cultivation in some selected areas of Patuakhali District _bMS thesis _cRebeka Sultana Supti |
||
| 260 |
_aSher-e-Bangla Agricultural Uniersity : _bDepartment of Agricultural Economics, _c2018 |
||
| 300 |
_ax, 79 p. : _bill. ; _c30 cm. |
||
| 500 | _aMS thesis, Department of Agricultural Economics, Faculty of Agribusiness Management, Sher-e-Bangla Agricultural University, Dhaka, Bangladesh | ||
| 590 | _aRoy | ||
| 650 | _aAgricultural Economics | ||
| 650 |
_aAman Rich _zPatuakhali |
||
| 700 |
_aBegum, Rokeya _eSupervisor |
||
| 700 |
_aMustafi, Bazlul A. A _eCo-Supervisor |
||
| 856 |
_uhttp://10.10.0.126:8080/xmlui/handle/123456789/3132 _yOnline Access |
||
| 942 |
_2ddc _cTHESIS |
||
| 999 |
_c14979 _d14978 |
||